Slovensko : Európske kontexty ľudovej kultúry /
Gespeichert in:
| Weitere Verfasser: | |
|---|---|
| Format: | Buch |
| Sprache: | Slowakisch |
| Veröffentlicht: |
Bratislava :
VEDA,
2000
|
| Ausgabe: | 1. vydanie |
| Schlagworte: | |
| Tags: |
Keine Tags, Fügen Sie das erste Tag hinzu!
|
MARC
| LEADER | 00000nam a22000003a 4500 | ||
|---|---|---|---|
| 001 | 0032299 | ||
| 003 | SK-STU | ||
| 005 | 20190325173243.9 | ||
| 007 | ta | ||
| 008 | 180411s ----xo-----e------000-0-----d | ||
| 020 | |a 80-224-0646-5 | ||
| 040 | |a STU |b slo | ||
| 041 | 0 | |a slo | |
| 044 | |a xo | ||
| 100 | 1 | |a Stoličná Rastislava |4 edt |r Z5 | |
| 245 | 1 | 0 | |a Slovensko : |b Európske kontexty ľudovej kultúry / |c ed. Rastislava Stoličná |
| 250 | |a 1. vydanie | ||
| 260 | |a Bratislava : |b VEDA, |c 2000 | ||
| 300 | |a 381 s. | ||
| 650 | 0 | 7 | |a agrárna kultúra |
| 650 | 0 | 7 | |a remeslo ľudové |
| 650 | 0 | 7 | |a stravovanie |
| 650 | 0 | 7 | |a odev ľudový |
| 650 | 0 | 7 | |a Obuvníctvo |
| 650 | 0 | 7 | |a rodina |
| 650 | 0 | 7 | |a spoločenstvo obce |
| 996 | |b 284AU07342 |c A* 10611/U |l AA5150 |s P |a 0 |w 0032299_0001 | ||